<?xml version="1.0" encoding="UTF-8"?>
<record
    xmlns:xsi="http://www.w3.org/2001/XMLSchema-instance"
    xsi:schemaLocation="http://www.loc.gov/MARC21/slim http://www.loc.gov/standards/marcxml/schema/MARC21slim.xsd"
    xmlns="http://www.loc.gov/MARC21/slim">

  <leader>02067agaaa2200325   4500</leader>
  <controlfield tag="001">0238</controlfield>
  <controlfield tag="003">IT-RoPAU</controlfield>
  <controlfield tag="005">20220918181240.0</controlfield>
  <controlfield tag="007">d cvaizq</controlfield>
  <controlfield tag="008">50131s9999||||xx ||| |     ||   ||und||</controlfield>
  <datafield tag="040" ind1=" " ind2=" ">
    <subfield code="a">IT-RoPAU</subfield>
    <subfield code="c">IT-RoPAU</subfield>
  </datafield>
  <datafield tag="041" ind1=" " ind2=" ">
    <subfield code="a">ITALIANO</subfield>
  </datafield>
  <datafield tag="100" ind1=" " ind2=" ">
    <subfield code="a">Perelli Luigi</subfield>
    <subfield code="g">Codice regista SPICS: 30418</subfield>
    <subfield code="9">44930</subfield>
  </datafield>
  <datafield tag="130" ind1=" " ind2=" ">
    <subfield code="a">PIOVRA 7 (LA). INDAGINE SULLA MORTE DEL COMMISSARIO CATTANI - 2</subfield>
    <subfield code="9">44931</subfield>
  </datafield>
  <datafield tag="245" ind1=" " ind2=" ">
    <subfield code="a">PIOVRA 7 (LA). INDAGINE SULLA MORTE DEL COMMISSARIO CATTANI - 2</subfield>
    <subfield code="c">Sceneggiatura: Contarello Umberto Porporati Andrea Sermoneta Alessandro -- Diretto da: Perelli Luigi</subfield>
    <subfield code="p">PIOVRA 7 (LA). INDAGINE SULLA MORTE DEL COMMISSARIO CATTANI - 2 (Rif. Codice opera principale : D0238)</subfield>
  </datafield>
  <datafield tag="250" ind1=" " ind2=" ">
    <subfield code="a">Edizione Standard</subfield>
  </datafield>
  <datafield tag="260" ind1=" " ind2=" ">
    <subfield code="a">ROMA (ITALIA)</subfield>
    <subfield code="b">RAI - RADIO TELEVISIONE ITALIANA / Distribuzione: RAIUNO</subfield>
    <subfield code="g">"1995 (1&#xB0; ed.: 1995 ; Ed. Lingua Orig.: 1995)"</subfield>
  </datafield>
  <datafield tag="300" ind1=" " ind2=" ">
    <subfield code="a">VHS</subfield>
    <subfield code="b">sonoro, col.</subfield>
  </datafield>
  <datafield tag="508" ind1=" " ind2=" ">
    <subfield code="a">"Musica: Morricone Ennio; Sceneggiatura: Contarello Umberto Porporati Andrea Sermoneta Alessandro; Soggetto: Murgia Pier Giuseppe -- Silva Sergio"</subfield>
  </datafield>
  <datafield tag="511" ind1=" " ind2=" ">
    <subfield code="a">"Millardet Patricia; Fantastichini Ennio; Bolkan Florinda; Bova Raoul; Zagaria Anita"</subfield>
  </datafield>
  <datafield tag="520" ind1=" " ind2=" ">
    <subfield code="a">LA SANGUINOSA VENDETTA DI SARA CONTRO NUZZO MARCIANO COGLIE IL BOSS IN UN MOMENTO IN CUI NON PUO' REAGIRE: IL PADRINO ARAGONESE STA PER RICICLARE IN RUSSIA UNA MONTAGNA DI DENARO SPORCO E NON VUOLE NOIE. MA I RISCHI PER LUI NON SONO IN SICILIA: IL LOSCO SAVERIO BRONTA FUGGITO DA TEMPO IN RUSSIA COMINCIA A NUTRIRE SOSPETTI E QUANDO SCOPRE LA NATURA DELL'AFFARE DECIDE DI RITORNARE IN ITALIA.</subfield>
  </datafield>
  <datafield tag="538" ind1=" " ind2=" ">
    <subfield code="a">PAL, STEREO</subfield>
  </datafield>
  <datafield tag="546" ind1=" " ind2=" ">
    <subfield code="a">ITALIANO</subfield>
  </datafield>
  <datafield tag="650" ind1=" " ind2=" ">
    <subfield code="a">FILM TV</subfield>
    <subfield code="e">TV-SCENEGGIATI E TELEFILM [VHS]</subfield>
    <subfield code="x">Codice MATERIA SPICS: 9966</subfield>
    <subfield code="9">44932</subfield>
  </datafield>
  <datafield tag="700" ind1=" " ind2=" ">
    <subfield code="a">Morricone Ennio</subfield>
    <subfield code="e">(musica)</subfield>
    <subfield code="g">Codice Musica SPICS: 3535</subfield>
    <subfield code="9">44933</subfield>
  </datafield>
  <datafield tag="700" ind1=" " ind2=" ">
    <subfield code="a">Murgia Pier Giuseppe </subfield>
    <subfield code="e">(soggetto)</subfield>
    <subfield code="g">Codice Soggetto SPICS: 3452</subfield>
    <subfield code="9">44934</subfield>
  </datafield>
  <datafield tag="700" ind1=" " ind2=" ">
    <subfield code="a">Perelli Luigi </subfield>
    <subfield code="e">(regista)</subfield>
    <subfield code="g">Codice regista SPICS: 30418</subfield>
    <subfield code="9">44935</subfield>
  </datafield>
  <datafield tag="700" ind1=" " ind2=" ">
    <subfield code="a">Silva Sergio </subfield>
    <subfield code="e">(soggetto)</subfield>
    <subfield code="g">Codice Soggetto 2&#xB0; SPICS: 43341</subfield>
    <subfield code="9">44936</subfield>
  </datafield>
  <datafield tag="942" ind1=" " ind2=" ">
    <subfield code="c">VH</subfield>
    <subfield code="2">ddc</subfield>
  </datafield>
  <datafield tag="999" ind1=" " ind2=" ">
    <subfield code="c">106066</subfield>
    <subfield code="d">106066</subfield>
  </datafield>
  <datafield tag="952" ind1=" " ind2=" ">
    <subfield code="0">0</subfield>
    <subfield code="1">0</subfield>
    <subfield code="4">0</subfield>
    <subfield code="6">D_0238_000000000000000</subfield>
    <subfield code="7">1</subfield>
    <subfield code="a">SPICS</subfield>
    <subfield code="b">SPICS</subfield>
    <subfield code="d">2015-01-31</subfield>
    <subfield code="l">0</subfield>
    <subfield code="o">D0238</subfield>
    <subfield code="r">2015-01-31 00:00:00</subfield>
    <subfield code="w">2015-01-31</subfield>
    <subfield code="y">VH</subfield>
    <subfield code="z">Progr. Ins.: 518 / N.Vol.:1 / Copie: 1 / Pag.:0 / Copia rara: n.d. / date import: 1.2.2015 / By Epidotti, Trombetti, Vaglietti</subfield>
  </datafield>
</record>
